| 000 | 00753cam a22001934a 4500 | ||
|---|---|---|---|
| 005 | 20250605164000.0 | ||
| 008 | 250528s ||||||||||||||||||||||||d | ||
| 035 | _a15617 | ||
| 020 | _a201543222 | ||
| 040 |
_aGR-AtMCL _bgre _dGR-AtMCL _eAACR2 |
||
| 245 | 1 | _aThe Art and Science of C / A Library-Based Introduction to Computer Science | |
| 260 |
_bAddison-Wesley Publishing Company, _c1995 |
||
| 300 | _a708 | ||
| 520 | _aA solid introduction to computer science that emphasizes software engineering and the development of good programming style. Introduction, The Basics of Programming, Libraries and the Modular Development, Compound Data Types, Index. | ||
| 700 | 1 |
_aRoberts Eric S _91580 |
|
| 942 | _cBK | ||
| 999 |
_c1186 _d1186 |
||